| 000 | 01337nam0a2200349 4500 | ||
|---|---|---|---|
| 001 | RU\NLR\BIBL_A\011653938 | ||
| 005 | 20180320110239.0 | ||
| 010 |
_a978-5-905158-89-6 _9200 |
||
| 021 |
_aRU _bКН-П-18-007963 _9КН-П-18-0551 |
||
| 035 | _a(NLR Aleph) 011653938 | ||
| 035 | _a(RuMoRGB)009535437 | ||
| 090 |
_a11143681 _c11143681 |
||
| 100 | _a20180312d2017 c y0rusy50 ca | ||
| 101 | 1 |
_aeng _crus |
|
| 102 | _aRU | ||
| 105 | _aa z 000zy | ||
| 200 | 1 |
_aOur heavenly defenders. Karelian saints _e[для детского и семейного чтения _fidea, compilation of the text, illustrations: Svetlana Shlykova _gtranslation: Alexander Pashkov] |
|
| 210 |
_aIvanovo _cListos _d2017 |
||
| 215 |
_a78 с. _cил., цв. ил. _d38 |
||
| 517 | 1 | _aKarelian saints | |
| 541 | 1 | _aНаши небесные защитники. Карельские святые | |
| 606 | 1 |
_aСвятые православные _yКарелия _jИздания для детей _2nlr_sh2 _3RU\NLR\AUTH\6601588779 |
|
| 686 |
_aШ9:Э372.24-574 _2rubbk |
||
| 686 |
_aШ9:Ш143.21 _2rubbk |
||
| 686 | 0 |
_aШ9 _bЭ |
|
| 702 | 1 |
_aŠlykova _bS. _gSvetlana _4570 _4220 |
|
| 702 | 1 |
_aŠlykova _bS. _gSvetlana _4440 |
|
| 942 | _cBOOK | ||
| 980 | _aNB | ||